Insights into industrial microbiology (Record no. 395719)

MARC details
000 -LEADER
fixed length control field 00566 a2200205 4500
005 - DATE & TIME
control field 20260121104018.0
008 - FIXED-LENGTH DATA ELEMENTS--GENERAL INFORMATION
fixed length control field 260120b |||||||| |||| 00| 0 eng d
020 ## - ISBN
International Standard Book Number 9789354619977
Price Rs. 1995.00
040 ## - CATALOGING SOURCE
Original cataloging agency VIVEKANANDA LIBRARY
082 ## - DDC NUMBER
Classification number 576
Book Number B469I
100 ## - MAIN ENTRY--PERSONAL NAME
Personal name Bhatia, Latika, ed.
245 ## - TITLE STATEMENT
Title Insights into industrial microbiology
260 ## - PUBLICATION, DISTRIBUTION, ETC. (IMPRINT)
Name of publisher, distributor, etc Daya Publishing House
Date of publication, distribution, etc 2024
Place of publication, distribution, etc New Delhi
300 ## - PHYSICAL DESCRIPTION
Pages xi, 223
650 ## - Subject
Subject Microbiology
650 ## - Subject
Subject Industrial Microbiology
650 ## - Subject
Subject Micro-organisms
700 ## - Added Entry Personal Name
Added Entry Personal Name Sarangi, Prakash Kumar, ed.
942 ## - ADDED ENTRY ELEMENTS (KOHA)
Koha item type Books
Holdings
Withdrawn status Lost status Source of classification or shelving scheme Damaged status Not for loan Location (home branch) Sublocation or collection (holding branch) Shelving location Date acquired Koha issues (times borrowed) Koha full call number Accession No. Koha date last seen Koha item type
    Dewey Decimal Classification     VIVEKANANDA LIBRARY VIVEKANANDA LIBRARY Vivekananda Library 06/01/2026   576 B469I 444175 06/01/2026 Books
© Designed and Maintained by Vivekananda Library, MDU Rohtak